| 000 | 01031nam a22002057a 4500 | ||
|---|---|---|---|
| 999 |
_c58913 _d58913 |
||
| 003 | Ge_BSU | ||
| 005 | 20221019100521.0 | ||
| 008 | 221019s2022 ge ||||| |||| 00| 0 geo d | ||
| 020 | _a9789941840098 | ||
| 041 | _ageo | ||
| 080 | _a340.12 ჰ-39 | ||
| 100 |
_aჰეგელი, გეორგ ვილჰელმ _92873 |
||
| 245 |
_aსამართლის ფილოსოფია : _b(შესავალი; $$ 1-33). წიგნი 1 / _cგეორგ ვილჰელმ ფრიდრიხ ჰეგელი ; მთარგმნელი, წინასიტყვაობის ავტორი და რედაქტორი თამაზ აქუბარდია. |
||
| 264 |
_aთბილისი : _bივერიონი, _c2022. |
||
| 300 |
_a86 გვ. ; _b20 სმ. |
||
| 653 | _aსამართალი | ||
| 653 | _aფილოსოფია | ||
| 700 |
_aაქუბარდია, თამაზ _eრედაქტორი _93955 |
||
| 942 |
_2udc _cBK |
||